Normal view
MARC view
- Rust, Robert .E
Entry Personal Name
001 - CONTROL NUMBER
- control field: 3287
003 - CONTROL NUMBER IDENTIFIER
- control field: OSt
005 - DATE AND TIME OF LATEST TRANSACTION
- control field: 20180829110231.0
008 - FIXED-LENGTH DATA ELEMENTS
- fixed length control field: 180829|| aca||aabn | a|a d
040 ## - CATALOGING SOURCE
- Original cataloging agency: OSt
- Transcribing agency: OSt
100 ## - HEADING--PERSONAL NAME
- Personal name: Rust, Robert .E
670 ## - SOURCE DATA FOUND
- Source citation: Work cat.: (OSt): Knipe, C. Lynn 3286, Thermal processing of ready to eat meat products, c2010
